[Event "TCh-RUS HL 2019"]
[Site "Sochi RUS"]
[Date "2019.05.10"]
[Round "9.6"]
[Board "2"]
[White "Ter-Saakian, Grigorii"]
[Black "Oganian, Miran"]
[Result "0-1"]
[BlackTitle "IM"]
[WhiteElo "2177"]
[BlackElo "2415"]
[WhiteTeam "School for Summer Sports (Moscow"]
[BlackTeam "Sochi (Krasnodar Territory)"]
[WhiteFideId "34136204"]
[BlackFideId "4122488"]
[EventDate "2019.05.01"]

1. e4 c5 2. a3 g6 3. h4 Nf6 4. e5 Nh5 5. Be2 Nf4 6. Bf3 Ne6 7. Bg4 Qc7 8. Nf3
Nc6 9. Bxe6 dxe6 10. Qe2 Bg7 11. d4 Nxd4 12. Nxd4 cxd4 13. Bf4 Bd7 14. h5 g5 15.
Bg3 d3 16. Qe3 dxc2 17. Nc3 h6 18. Rc1 Qc4 19. Rxc2 Bc6 20. f3 O-O 21. Qe2 Qxe2+
22. Rxe2 Rad8 23. O-O Rd3 24. Rd1 Rxd1+ 25. Nxd1 Rd8 26. Nc3 f6 27. Bf2 a6 28.
Bc5 Kf7 29. Kf2 f5 30. Bb6 Rd3 31. a4 f4 32. a5 Kf8 33. Bc7 Be8 34. Ne4 Rd5 35.
Nd2 Rd3 0-1

[Event "TCh-RUS HL 2019"]
[Site "Sochi RUS"]
[Date "2019.05.10"]
[Round "9.6"]
[Board "3"]
[White "Zakaryan, David"]
[Black "Frolov, Aleksey G."]
[Result "0-1"]
[WhiteTitle "FM"]
[WhiteElo "2350"]
[BlackElo "2073"]
[WhiteTeam "Sochi (Krasnodar Territory)"]
[BlackTeam "School for Summer Sports (Moscow"]
[WhiteFideId "24101923"]
[BlackFideId "34106500"]
[EventDate "2019.05.01"]

1. e4 e5 2. Nf3 Nc6 3. Bc4 Nf6 4. d3 Bc5 5. c3 O-O 6. Nbd2 d5 7. Bb3 Be6 8. Bc2
Ng4 9. O-O Bxf2+ 10. Rxf2 Ne3 11. Qe2 Nxc2 12. Rb1 dxe4 13. Nxe4 Bxa2 14. Qxc2
Bxb1 15. Qxb1 f5 16. Qa2+ Kh8 17. Nc5 Qe7 18. Nxb7 e4 19. Re2 Rab8 20. Qa6 Qf6
21. dxe4 Nd4 22. Nxd4 Qxa6 23. Nc5 Qc4 24. Nce6 c5 25. b3 Rxb3 26. Re1 Rxc3 27.
Bb2 cxd4 28. Nxf8 Rc2 29. exf5 Qd5 30. Bc1 0-1

[Event "TCh-RUS HL 2019"]
[Site "Sochi RUS"]
[Date "2019.05.10"]
[Round "9.6"]
[Board "4"]
[White "Petrov, Nikolay"]
[Black "Utnasunov, Alexander"]
[Result "0-1"]
[WhiteElo "1976"]
[BlackElo "2437"]
[WhiteTeam "School for Summer Sports (Moscow"]
[BlackTeam "Sochi (Krasnodar Territory)"]
[WhiteFideId "34175048"]
[BlackFideId "4134524"]
[EventDate "2019.05.01"]

1. d4 d5 2. c4 c6 3. Nf3 Nf6 4. e3 e6 5. b3 Nbd7 6. Bb2 Ne4 7. Bd3 f5 8. O-O Bd6
9. Nbd2 O-O 10. Ne5 Nxe5 11. dxe5 Bc5 12. Bd4 Bb4 13. Nf3 b6 14. Bb2 Bd7 15. Rc1
Qe7 16. cxd5 exd5 17. Nd4 Bc5 18. Qe2 f4 19. f3 Ng3 20. hxg3 fxg3 21. f4 Bxd4
22. Bxh7+ Kxh7 23. Qh5+ Kg8 24. Bxd4 c5 25. Bb2 Rf5 26. Qg4 Rxe5 27. Qxg3 Rxe3
28. Rce1 Re8 29. Rxe3 Qxe3+ 30. Qxe3 Rxe3 31. Be5 d4 32. Rf3 Re1+ 33. Rf1 Re4
34. Rf3 g6 35. a4 a6 36. Bd6 Bg4 37. Rg3 Be2 38. Rxg6+ Kf7 39. Rg5 d3 0-1

[Event "TCh-RUS HL 2019"]
[Site "Sochi RUS"]
[Date "2019.05.10"]
[Round "9.7"]
[Board "1"]
[White "Gharagyozyan, Artur"]
[Black "Pogromsky, Mikhail"]
[Result "0-1"]
[BlackTitle "IM"]
[WhiteElo "2321"]
[BlackElo "2415"]
[WhiteTeam "Alania (RNO-Alania)"]
[BlackTeam "Polytechnic (Sverdlovsk region)"]
[WhiteFideId "13303279"]
[BlackFideId "4184688"]
[EventDate "2019.05.01"]

1. e4 Nf6 2. Nc3 d5 3. exd5 Nxd5 4. Bc4 c6 5. Qf3 e6 6. Nge2 Nd7 7. d4 Qf6 8.
Qxf6 N7xf6 9. Nxd5 cxd5 10. Bb5+ Bd7 11. Bxd7+ Kxd7 12. Bf4 Be7 13. f3 Rhc8 14.
c3 b5 15. a3 a5 16. Bg5 Bd6 17. Bxf6 gxf6 18. f4 h5 19. h4 Rg8 20. Kf2 Rg4 21.
Kf3 Rag8 22. g3 e5 23. dxe5 fxe5 24. fxe5 Bxe5 25. Rad1 Kc6 26. Rhg1 f5 27. Nd4+
Kc5 28. b4+ Kc4 29. Nc6 Bc7 30. Rd4+ Rxd4 31. cxd4 axb4 32. axb4 Bd6 33. Rc1+
Kb3 34. Rb1+ Kc2 35. Rg1 Rg7 36. Rg2+ Kc3 37. Rg1 Rc7 38. Ke3 Rg7 39. Ne5 Bxe5
40. dxe5 d4+ 41. Kf4 d3 42. e6 d2 43. Kxf5 Kxb4 44. Kf6 Rxg3 45. Rxg3 d1=Q 46.
Rg5 Qd4+ 47. Kg6 Qd6 48. Kf7 Qf4+ 49. Kg6 Qf8 50. Kxh5 Qe8+ 51. Rg6 Kc5 52. Kg5
b4 53. Kf6 Qf8+ 54. Ke5 b3 55. Rg2 Qh8+ 56. Kf5 b2 57. Rxb2 Qxb2 58. e7 Qe2 0-1

[Event "TCh-RUS HL 2019"]
[Site "Sochi RUS"]
[Date "2019.05.10"]
[Round "9.7"]
[Board "2"]
[White "Ozgibcev, Anatoly"]
[Black "Taysayev, Timur"]
[Result "1/2-1/2"]
[WhiteElo "2368"]
[BlackElo "2225"]
[WhiteTeam "Polytechnic (Sverdlovsk region)"]
[BlackTeam "Alania (RNO-Alania)"]
[WhiteFideId "4139704"]
[BlackFideId "4114221"]
[EventDate "2019.05.01"]

1. e4 e6 2. d4 d5 3. exd5 exd5 4. Nf3 Nf6 5. Bg5 Be7 6. Bd3 O-O 7. O-O Bg4 8.
Nbd2 Nbd7 9. c3 c5 10. Qc2 c4 11. Bf5 Bxf5 12. Qxf5 g6 13. Qc2 Qc7 14. Rae1 Bd6
15. Re2 Rfe8 16. Rfe1 Rxe2 17. Rxe2 Re8 18. Rxe8+ Nxe8 19. g3 f6 20. Bh6 Kf7 21.
Nf1 Bf8 22. Bxf8 Kxf8 23. Qa4 a6 24. Ne3 Qd6 25. Nd2 b5 26. Qd1 Qe6 27. b3 Nd6
28. a4 Ne4 29. Nxe4 Qxe4 30. axb5 axb5 31. bxc4 dxc4 32. Qa1 Qb7 33. Qa3+ Ke8
34. Qd6 Qb6 35. Qd5 Nf8 36. Qa8+ Kf7 37. Nd5 Qe6 38. Qb7+ Qd7 39. Qxd7+ Nxd7 40.
Kf1 Nb8 41. Nc7 b4 42. cxb4 Nc6 43. b5 Nxd4 44. b6 Nc6 45. Na6 Na5 46. Ke2 Ke6
47. Nc5+ Kd6 48. b7 Kc7 49. b8=Q+ Kxb8 50. Nd7+ Kb7 51. Nxf6 h5 52. Kd2 Kc6 53.
Kc3 Kc5 54. h4 Nc6 55. Nd7+ Kd5 56. f3 Nd4 57. Nf6+ Ke5 58. Nd7+ Kd5 59. Nb6+
Kc5 60. Na4+ Kd5 61. Nb6+ Kc5 62. Nd7+ Kd5 63. Nf6+ Ke5 64. Nd7+ 1/2-1/2